[Event "2nd Orense it"]
[Site "Orense ESP"]
[Date "1973.01.18"]
[Round "10"]
[White "Padevsky, Nikola"]
[Black "Pomar Salamanca, Arturo"]
[Result "1/2-1/2"]
[WhiteElo "2430"]
[BlackElo "2460"]
[EventDate "1973.01.08"]
[PlyCount "40"]

1.c4 Nf6 2.Nf3 e6 3.g3 b6 4.Bg2 Bb7 5.O-O Be7 6.d4 O-O 7.Nc3 Ne4 8.Qc2 
Nxc3 9.Qxc3 Be4 10.Ne1 Bxg2 11.Kxg2 Bf6 12.Nf3 c5 13.Be3 Nc6 14.Qd2 cxd4 
15.Nxd4 Bxd4 16.Bxd4 d5 17.Rfd1 e5 18.Be3 d4 19.Qc2 Qe7 20.Bd2 e4 1/2-1/2

[Event "2nd Orense it"]
[Site "Orense ESP"]
[Date "1973.01.18"]
[Round "10"]
[White "Parma, Bruno"]
[Black "Ciocaltea, Victor"]
[Result "1/2-1/2"]
[WhiteElo "2510"]
[BlackElo "2470"]
[EventDate "1973.01.08"]
[PlyCount "29"]

1.e4 c6 2.d4 d5 3.Nc3 g6 4.h3 Bg7 5.Nf3 Nh6 6.Bd3 f6 7.O-O O-O 8.Re1 Nf7 
9.Qe2 e5 10.exd5 cxd5 11.dxe5 fxe5 12.Rd1 Nc6 13.Bc4 Nd4 14.Nxd4 exd4 15.
Nxd5 1/2-1/2

[Event "2nd Orense it"]
[Site "Orense ESP"]
[Date "1973.01.20"]
[Round "11"]
[White "Ciocaltea, Victor"]
[Black "Durao, Joaquim Manuel"]
[Result "1/2-1/2"]
[WhiteElo "2470"]
[BlackElo "2295"]
[EventDate "1973.01.08"]
[PlyCount "55"]

1.e4 e6 2.d4 d5 3.e5 c5 4.c3 Nc6 5.Nf3 Qb6 6.a3 c4 7.Be2 Na5 8.Nbd2 Bd7 9.
O-O h6 10.a4 Ne7 11.Ne1 Nf5 12.Nc2 Be7 13.g4 Nh4 14.f4 g5 15.f5 exf5 16.
gxf5 Bxf5 17.Rxf5 Nxf5 18.Bg4 Nh4 19.Ne3 Rd8 20.Ndf1 Nb3 21.Rb1 Qg6 22.Bd2
h5 23.Be2 g4 24.Be1 Nf3+ 25.Kh1 Nxe1 26.Qxe1 Qe4+ 27.Ng2 h4 28.Bxc4 
1/2-1/2

[Event "2nd Orense it"]
[Site "Orense ESP"]
[Date "1973.01.20"]
[Round "11"]
[White "Cobo Arteaga, Eldis"]
[Black "Gheorghiu, Florin"]
[Result "1/2-1/2"]
[WhiteElo "2420"]
[BlackElo "2520"]
[EventDate "1973.01.08"]
[PlyCount "27"]

1.d4 d5 2.Nf3 Nf6 3.c4 e6 4.Nc3 Be7 5.Bg5 h6 6.Bxf6 Bxf6 7.cxd5 exd5 8.e3 
O-O 9.Bd3 c5 10.dxc5 Bxc3+ 11.bxc3 Qe7 12.O-O Qxc5 13.Rc1 Nc6 14.c4 
1/2-1/2

[Event "2nd Orense it"]
[Site "Orense ESP"]
[Date "1973.01.20"]
[Round "11"]
[White "De Castro, Edgar"]
[Black "Benko, Pal"]
[Result "0-1"]
[WhiteElo "2320"]
[BlackElo "2515"]
[EventDate "1973.01.08"]
[PlyCount "60"]

1.e4 c5 2.Nf3 d6 3.Nc3 a6 4.d4 cxd4 5.Nxd4 e6 6.f4 b5 7.Qf3 Bb7 8.f5 e5 9.
Nb3 Nd7 10.a4 b4 11.Nd5 Bxd5 12.exd5 Ngf6 13.Bd3 Be7 14.a5 O-O 15.O-O Qc7 
16.g4 e4 17.Bxe4 Ne5 18.Qg2 Qc4 19.Rf4 Rfc8 20.Be3 Nxe4 21.Rxe4 Qxc2 22.
Nd4 Qxg2+ 23.Kxg2 Kf8 24.Bf4 Rc5 25.Bxe5 dxe5 26.Rxe5 Bf6 27.Re4 Rxd5 28.
Ne2 Rd2 29.Kf3 Re8 30.Rxe8+ Kxe8 0-1

[Event "2nd Orense it"]
[Site "Orense ESP"]
[Date "1973.01.20"]
[Round "11"]
[White "Medina Garcia, Antonio"]
[Black "Padevsky, Nikola"]
[Result "1/2-1/2"]
[WhiteElo "2380"]
[BlackElo "2430"]
[EventDate "1973.01.08"]
[PlyCount "34"]

1.e4 c5 2.Nf3 Nc6 3.d4 cxd4 4.Nxd4 Qc7 5.Nc3 e6 6.g3 a6 7.Bg2 Nf6 8.O-O 
Bb4 9.Nce2 O-O 10.c4 Nxd4 11.Qxd4 e5 12.Qd3 h6 13.a3 Be7 14.Nc3 d6 15.b3 
Bd7 16.Be3 b6 17.Rac1 Qb7 1/2-1/2

[Event "2nd Orense it"]
[Site "Orense ESP"]
[Date "1973.01.20"]
[Round "11"]
[White "Mednis, Edmar John"]
[Black "Parma, Bruno"]
[Result "1/2-1/2"]
[WhiteElo "2450"]
[BlackElo "2510"]
[EventDate "1973.01.08"]
[PlyCount "34"]

1.e4 c5 2.Nf3 Nc6 3.d4 cxd4 4.Nxd4 g6 5.c4 Nf6 6.Nc3 Nxd4 7.Qxd4 d6 8.Be2 
Bg7 9.Qd3 O-O 10.Bg5 Bd7 11.O-O Bc6 12.Rab1 a5 13.b3 Nd7 14.Nd5 Re8 15.
Rbd1 h6 16.Be3 e6 17.Nc3 Nc5 1/2-1/2

[Event "2nd Orense it"]
[Site "Orense ESP"]
[Date "1973.01.20"]
[Round "11"]
[White "Pomar Salamanca, Arturo"]
[Black "Janosevic, Dragoljub"]
[Result "1/2-1/2"]
[WhiteElo "2460"]
[BlackElo "2430"]
[EventDate "1973.01.08"]
[PlyCount "34"]

1.Nf3 Nf6 2.d4 c5 3.c4 g6 4.Nc3 cxd4 5.Nxd4 Nc6 6.g3 Bg7 7.Bg2 O-O 8.O-O 
Nxd4 9.Qxd4 d6 10.Qd3 Be6 11.Be3 Ng4 12.Nd5 Nxe3 13.Qxe3 Bxd5 14.Bxd5 Qc7 
15.Rac1 e6 16.Bf3 Qb6 17.Qd2 Qxb2 1/2-1/2